000 00334nam a2200145Ia 4500
008 150201s2009 xx 000 0 und d
082 _a617.6
_bO09R
100 _aREJENDRAN,R
245 _aSHEFER TB OF ORAL PATHOLOGY
250 _a6TH
260 _bELSEVIER
_aDELHI
_c2009
300 _a1-963
650 _aDENTISTRY
942 _2ddc
_cBK
999 _c377
_d377